魚編の漢字 読み方 - Statistics

General Stats
  • This quiz has been taken 159 times
  • The average score is 32 of 71
Answer Stats
Hint Answer % Correct
さけ、さかな
98%
まぐろ、しび
97%
あじ
94%
あゆ
93%
くじら
90%
たい
89%
うなぎ
88%
いわし
88%
さば、よせなべ
88%
かつお
87%
さめ
87%
こい、てがみ
86%
たら
86%
さわら
81%
かれい
81%
たこ
81%
ます
79%
ひらめ
79%
なまず
75%
ぶり
75%
ふな
74%
うろこ
73%
しゃち、しゃちほこ
72%
すし
71%
わに
71%
きす
70%
はも
65%
あわび
63%
はたはた
49%
にしん
45%
かじか、いなだ、どじょう
44%
このしろ
43%
あさり、うぐい
42%
すずき
40%
わかさぎ、はや、はえ
37%
えび
36%
ぼら、いな
36%
ひれ、はた
35%
ごり
32%
えら、あぎと
31%
どじょう
30%
かずのこ
29%
すし
27%
ふか
22%
こち
22%
するめ
22%
はたはた
21%
さんしょううお、めくじら
20%
にしん、はららご、はらご
20%
なます
19%
かじか
19%
かます
19%
たこ
18%
むろあじ
16%
からすみ
14%
えい
14%
うつぼ、ごまめ
14%
いわな
13%
ひがい
13%
はまち
13%
はや、はえ
13%
どじょう
11%
えり
9%
いわし
9%
こち、まて
9%
にべ
8%
かいらぎ
8%
すばしり
6%
うぐい
6%
なまず
5%
はらか
2%
No matching quizzes found
Score Distribution
Percent of People with Each Score
Percentile by Number Answered
Your Score History
You have not taken this quiz